00489nam a22001697a 450000500170000001000150001702000100003203500130004203700130005508200080006810000210007624500610009726000520015827000490021030000200025950000400027920150612123007.0 aENG-113028 c60.00 aEN-96560 bDBAD/PUB a920 aGnanadurai, P.M. aLawrence Gnanadurai :cby P.M. Gnanaduraiba biography / aChennaibThe Christian Literature Societyc2012 aPost Box No. 501, Park TownbChennaie600003 a83p.c21cm(pbk) aIncludes bibliographical references